000 00559nam a22001937a 4500
005 20251108171007.0
008 250721s1998 xx 000 0 ara d
082 1 4 _a923.2/سمح
100 1 _aسمحان، محمد
245 1 0 _aأعلام و شخصيات من بلادي /
264 1 _aعمان :
_bالمؤلف،
_c1998.
300 _aج
490 0 _aسلسلة أعلام الأردن في القرن العشرين
650 1 7 _aالتراجم
650 1 7 _aالسياسيون
650 1 7 _aالأردن
942 _2ddc
_cBK
999 _c53911
_d53911